La exención del impuesto predial por conservación : (Registro nro. 19077)
[ vista simple ]
| 000 -CABECERA | |
|---|---|
| Campo de control | 00808nam a2200205 a 4500 |
| 005 - FECHA Y HORA DE LA ULTIMA TRANSACCION | |
| Campo de control | 20161010173205.0 |
| 008 - ELEMENTOS DE LONGITUD FIJA—INFORMACION GENERAL | |
| Campo de control | 161010bxx ck a||||r|||| 00| 0 spa d |
| 040 ## - FUENTE DE CATALOGACIÓN | |
| Agencia catalogadora original | CO-BoIAVH |
| Agencia transcriptora | CO-BoIAVH |
| 041 0# - IDIOMA | |
| Código de idioma para texto/pista de sonido o título separado | Español |
| 044 ## - PAÍS DE PUBLICACIÓN | |
| País de publicación | Colombia |
| 090 ## - CLASIFICACIÓN LOCAL | |
| Colección | FG- |
| Consecutivo | 0064 |
| 245 03 - MENCION DE TITULO | |
| Título | La exención del impuesto predial por conservación : |
| Parte restante del título | un instrumento ambiental para los municipios / |
| 260 ## - PUBLICACION, DISTRIBUCION, ETC. (PIE DE IMPRENTA) | |
| Lugar de publicación, distribución, etc. | Bogotá?, Colombia : |
| Nombre del editor, distribuidor, etc. | GEF : |
| -- | PNUD, |
| Fecha de publicación, distribución, etc. | [s.f.]. |
| 300 ## - DESCRIPCION FISICA | |
| Extensión | 1 plegable (17 páginas) : |
| Otros detalles físicos | ilustraciones a color ; |
| Dimensiones | 23 x 16 cm. |
| 500 ## - NOTA GENERAL | |
| Nota general | Conservación de la biodiversidad en predios productivos.<br/> |
| 650 26 - ASIENTO SECUNDARIO DE MATERIA - TERMINO TEMATICO | |
| Término temático o nombre geográfico como elemento de entrada | Política ambiental |
| Subdivisión geográfica | Colombia |
| 9 (RLIN) | 76808 |
| 650 26 - ASIENTO SECUNDARIO DE MATERIA - TERMINO TEMATICO | |
| Término temático o nombre geográfico como elemento de entrada | Política ambiental |
| Subdivisión general | Conservación de la naturaleza |
| -- | Tributación |
| Subdivisión geográfica | Colombia |
| 9 (RLIN) | 76809 |
| 650 24 - ASIENTO SECUNDARIO DE MATERIA - TERMINO TEMATICO | |
| Término temático o nombre geográfico como elemento de entrada | Exanción de impuestos |
| 9 (RLIN) | 76810 |
| 942 ## - ELEMENTOS ADICIONALES (KOHA) | |
| Sistema de clasificación | Local |
| Tipo de ítem | Folleto |
| Withdrawn status | Lost status | Sistema de Clasificación | Damaged status | No para préstamo | Colección | Inventariado | Ubicación Permanente | Ubicación actual | Fecha de adquisición | Total Checkouts | Número topográfico | Inventario / Código de Barras | Date last seen | Ejemplar | Price effective from | Forma de adquisición | Tipo de material |
|---|---|---|---|---|---|---|---|---|---|---|---|---|---|---|---|---|---|
| Local | Hemeroteca | Inventariado 2017 | Bogotá | Bogotá | 10/10/2016 | FG-0064 | 040754 | 10/10/2016 | Ej. 1 | 10/10/2016 | Donación | Folleto |